[Event "Araraquara op 2nd"]
[Site "Araraquara"]
[Date "2024.02.11"]
[Round "3"]
[White "Campelo, Leandro Fabricio"]
[Black "El Debs, Felipe de Cresce"]
[Result "0-1"]
[WhiteElo "2100"]
[BlackElo "2528"]
[PlyCount "106"]
[EventDate "2024.02.10"]
[EventType "swiss"]
[EventRounds "7"]
[EventCountry "BRA"]
[SourceTitle "CB09_2024"]
[SourceDate "2024.02.28"]
[SourceVersion "1"]
[SourceVersionDate "2024.02.28"]
[SourceQuality "1"]

1. e4 c5 2. Nf3 Nc6 3. d4 cxd4 4. Nxd4 g6 5. Nc3 Bg7 6. Be3 Nf6 7. Bc4 Qa5 8. 0-0 0-0 9. Bb3 d6 10. h3 Bd7 11. Re1 Rfc8 12. Qe2 Qh5 13. Nf3 h6 14. Rad1 g5 15. Nd5 Nxd5 16. exd5 Ne5 17. Nxe5 Qxe2 18. Rxe2 Bxe5 19. Bd4 f6 20. c3 b5 21. h4 a5 22. hxg5 hxg5 23. a3 Kf7 24. Bxe5 fxe5 25. Re3 Rh8 26. Bc2 Rh4 27. Be4 Rc8 28. g3 Rh6 29. Ra1 Rhh8 30. Rf3+ Kg7 31. Re3 Rc4 32. b3 Rc7 33. Kg2 Bh3+ 34. Kg1 Rhc8 35. Rc1 Bd7 36. Kg2 Rh8 37. Ree1 Bh3+ 38. Kg1 Rf8 39. Kh2 Bf5 40. Bxf5 Rxf5 41. Kg2 Rc5 42. c4 bxc4 43. bxc4 Rf8 44. Re4 Kg6 45. Re2 Rfc8 46. Rec2 Kf6 47. Kf3 e6 48. dxe6 d5 49. e7 Kxe7 50. Re1 Kf6 51. Rh1 Rxc4 52. Rxc4 Rxc4 53. Rh6+ Kf5 0-1

[Event "Araraquara op 2nd"]
[Site "Araraquara"]
[Date "2024.02.10"]
[Round "2"]
[White "El Debs, Felipe de Cresce"]
[Black "Nunes, Agatha Hurba"]
[Result "1-0"]
[WhiteElo "2528"]
[BlackElo "1865"]
[PlyCount "57"]
[EventDate "2024.02.10"]
[EventType "swiss"]
[EventRounds "7"]
[EventCountry "BRA"]
[SourceTitle "CB09_2024"]
[SourceDate "2024.02.28"]
[SourceVersion "1"]
[SourceVersionDate "2024.02.28"]
[SourceQuality "1"]

1. c4 Nf6 2. Nf3 e6 3. g3 d5 4. Bg2 dxc4 5. 0-0 Be7 6. Na3 0-0 7. Nxc4 c5 8. b3 Nc6 9. Bb2 a6 10. d4 Ra7 11. Rc1 b5 12. Nce5 Rc7 13. Nxc6 Rxc6 14. Ne5 Rc7 15. Nc6 Qe8 16. Nxe7+ Qxe7 17. Rxc5 b4 18. Qc2 Rxc5 19. dxc5 e5 20. Qc4 a5 21. Qb5 Qc7 22. Qb6 Qxb6 23. cxb6 Ba6 24. Bxe5 Nd7 25. Bd6 Rd8 26. Bc7 Rf8 27. b7 Bxe2 28. Re1 Bb5 29. Bxa5 1-0

[Event "Sao Carlos Paulista-ch op"]
[Site "Sao Carlos"]
[Date "2023.09.09"]
[Round "5"]
[White "Da Silva, Lindolfo Luiz"]
[Black "El Debs, Felipe de Cresce"]
[Result "1/2-1/2"]
[WhiteElo "2207"]
[BlackElo "2527"]
[PlyCount "23"]
[EventDate "2023.09.07"]
[EventType "swiss"]
[EventRounds "7"]
[EventCountry "BRA"]
[SourceTitle "EXT 2024"]
[Source "ChessBase"]
[SourceDate "2023.10.10"]
[SourceVersion "1"]
[SourceVersionDate "2023.10.10"]
[SourceQuality "1"]

1. d4 Nf6 2. g3 d5 3. Bg2 c6 4. c4 Bf5 5. Nc3 e6 6. Qb3 Qb6 7. c5 Qa6 8. Bf1 b5 9. a4 Nbd7 10. Ra2 bxa4 11. Rxa4 Qc8 12. Nf3 1/2-1/2

[Event "Sao Carlos Paulista-ch op"]
[Site "Sao Carlos"]
[Date "2023.09.09"]
[Round "6"]
[White "El Debs, Felipe de Cresce"]
[Black "De Arruda, Leandro Formes"]
[Result "1-0"]
[WhiteElo "2527"]
[BlackElo "1980"]
[PlyCount "118"]
[EventDate "2023.09.07"]
[EventType "swiss"]
[EventRounds "7"]
[EventCountry "BRA"]
[SourceTitle "EXT 2024"]
[Source "ChessBase"]
[SourceDate "2023.10.10"]
[SourceVersion "1"]
[SourceVersionDate "2023.10.10"]
[SourceQuality "1"]

1. d4 Nf6 2. c4 e6 3. g3 d5 4. Nf3 Be7 5. Bg2 0-0 6. 0-0 Nbd7 7. Qc2 c6 8. Nbd2 b6 9. e4 dxc4 10. Nxc4 Ba6 11. Re1 c5 12. Nfe5 Nxe5 13. dxe5 Nd7 14. f4 Bxc4 15. Qxc4 Qc7 16. a4 Nb8 17. Bd2 Nc6 18. Bc3 a5 19. Bh3 Kh8 20. Rad1 Rad8 21. Bf1 Rxd1 22. Rxd1 Rd8 23. Rxd8+ Bxd8 24. Qb5 Qd7 25. Kf2 Kg8 26. h4 Kf8 27. h5 h6 28. Bc4 Qc7 29. Qa6 Nb8 30. Qa8 Nc6 31. Ba6 Ke7 32. Qc8 Qxc8 33. Bxc8 Ke8 34. Ba6 Na7 35. Bd2 Kf8 36. Bb7 Ke8 37. Kf3 Kf8 38. Ke2 Ke8 39. Kd3 Kf8 40. f5 Bc7 41. Bf4 Kg8 42. Ke3 Kf8 43. Kf3 Kg8 44. g4 Kf8 45. Bg3 Kg8 46. Bf4 Bd8 47. f6 Kf8 48. g5 hxg5 49. Bxg5 g6 50. h6 Kg8 51. Bf4 Bc7 52. Kg4 Bb8 53. Kg5 Bc7 54. Bg3 Bb8 55. Bd5 exd5 56. e6 fxe6 57. Bxb8 Nc6 58. Kxg6 Nd8 59. h7+ Kh8 1-0

[Event "Pindamonhangaba Rezende Memorial"]
[Site "Pindamonhangaba"]
[Date "2023.08.04"]
[Round "1"]
[White "El Debs, Felipe de Cresce"]
[Black "Feitosa Rodrigues, Adriano Tito"]
[Result "1-0"]
[WhiteElo "2527"]
[BlackElo "1631"]
[PlyCount "43"]
[EventDate "2023.08.04"]
[EventType "swiss"]
[EventRounds "6"]
[EventCountry "BRA"]
[SourceTitle "CBM 215 Extra"]
[Source "ChessBase"]
[SourceDate "2023.09.30"]
[SourceVersion "1"]
[SourceVersionDate "2023.09.30"]
[SourceQuality "1"]

1. d4 d5 2. c4 e6 3. Nf3 Nf6 4. g3 Bd6 5. Bg2 0-0 6. 0-0 a6 7. Qc2 c6 8. Nbd2 Nbd7 9. e4 dxe4 10. Nxe4 Nxe4 11. Qxe4 Nf6 12. Qe2 h6 13. Rd1 Qe7 14. Bd2 b5 15. Ne5 Bb7 16. Nxc6 Bxc6 17. Bxc6 bxc4 18. Bxa8 Rxa8 19. Qxc4 Qb7 20. Rac1 Qxb2 21. Rb1 Qa3 22. Rb3 1-0

[Event "Pindamonhangaba Rezende Memorial"]
[Site "Pindamonhangaba"]
[Date "2023.08.04"]
[Round "2"]
[White "Trombini, Fabio"]
[Black "El Debs, Felipe de Cresce"]
[Result "0-1"]
[WhiteElo "1869"]
[BlackElo "2527"]
[PlyCount "46"]
[EventDate "2023.08.04"]
[EventType "swiss"]
[EventRounds "6"]
[EventCountry "BRA"]
[SourceTitle "CBM 215 Extra"]
[Source "ChessBase"]
[SourceDate "2023.09.30"]
[SourceVersion "1"]
[SourceVersionDate "2023.09.30"]
[SourceQuality "1"]

1. b3 d5 2. Bb2 Nf6 3. e3 e6 4. Nf3 Nbd7 5. d4 b6 6. Bd3 Bb7 7. 0-0 Bd6 8. Nbd2 0-0 9. Ne5 Qe7 10. Qe2 Rfd8 11. Bb5 c5 12. Nc6 Bxc6 13. Bxc6 Rac8 14. Bb7 Rc7 15. Ba6 cxd4 16. Bd3 dxe3 17. fxe3 Be5 18. Bd4 h6 19. Rae1 Bd6 20. e4 Bc5 21. Bf2 Ne5 22. Ba6 Bxf2+ 23. Qxf2 Rxc2 0-1

[Event "Gaudium Masters Final"]
[Site "Chess.com INT"]
[Date "2023.07.02"]
[Round "3.2"]
[White "El Debs, Felipe de Cresce"]
[Black "Supi, Luis Paulo"]
[Result "0-1"]
[WhiteElo "2531"]
[BlackElo "2582"]
[PlyCount "84"]
[EventDate "2023.06.30"]
[EventType "k.o. (blitz)"]
[EventRounds "3"]
[EventCountry "BRA"]
[SourceTitle "CBM 215 Extra"]
[Source "ChessBase"]
[SourceDate "2023.09.30"]
[SourceVersion "1"]
[SourceVersionDate "2023.09.30"]
[SourceQuality "1"]

1. e4 c5 2. Nf3 d6 3. Bb5+ Nd7 4. a4 Ngf6 5. d3 g6 6. 0-0 Bg7 7. a5 a6 8. Bc4 0-0 9. Nc3 b5 10. axb6 Nxb6 11. Bb3 a5 12. e5 dxe5 13. Nxe5 Bb7 14. Re1 Nfd5 15. Bd2 Nxc3 16. Bxc3 a4 17. Ba2 Bd5 18. Bxd5 Nxd5 19. Bd2 Qc7 20. Nc4 Rfb8 21. Qf3 e6 22. h4 Bxb2 23. Nxb2 Rxb2 24. Rec1 a3 25. Bh6 f5 26. c4 Nb6 27. d4 cxd4 28. Rxa3 Ra2 29. Rxa2 Rxa2 30. c5 Nd5 31. Rb1 Qxc5 32. Qb3 Qa7 33. Qb5 Kf7 34. Qc6 Ra1 35. Rxa1 Qxa1+ 36. Kh2 Qa7 37. Kh3 d3 38. Qc8 Qe7 39. Qc4 Qb4 40. Qc1 Qg4+ 41. Kh2 Qxh4+ 42. Kg1 f4 0-1

[Event "Gaudium Masters Final"]
[Site "Chess.com INT"]
[Date "2023.07.02"]
[Round "3.4"]
[White "El Debs, Felipe de Cresce"]
[Black "Supi, Luis Paulo"]
[Result "0-1"]
[WhiteElo "2531"]
[BlackElo "2582"]
[PlyCount "50"]
[EventDate "2023.06.30"]
[EventType "k.o. (blitz)"]
[EventRounds "3"]
[EventCountry "BRA"]
[SourceTitle "CBM 215 Extra"]
[Source "ChessBase"]
[SourceDate "2023.09.30"]
[SourceVersion "1"]
[SourceVersionDate "2023.09.30"]
[SourceQuality "1"]

1. d4 d5 2. c4 e6 3. Nc3 a6 4. e3 Nf6 5. Nf3 c5 6. cxd5 exd5 7. Bd3 Nc6 8. 0-0 Bg4 9. dxc5 Bxc5 10. Ne2 0-0 11. Ng3 d4 12. e4 Re8 13. h3 Bxf3 14. Qxf3 Bd6 15. Nf5 Ne5 16. Qg3 Nh5 17. Qh2 Nf3+ 18. gxf3 Bxh2+ 19. Kxh2 Qc7+ 20. Kg2 Nf4+ 21. Bxf4 Qxf4 22. Rac1 g6 23. Ng3 Rac8 24. Bc4 b5 25. Bb3 Rxc1 0-1

[Event "Gaudium Masters Final"]
[Site "Chess.com INT"]
[Date "2023.07.01"]
[Round "2.1"]
[White "El Debs, Felipe de Cresce"]
[Black "Fier, Alexandr"]
[Result "1/2-1/2"]
[WhiteElo "2531"]
[BlackElo "2604"]
[PlyCount "130"]
[EventDate "2023.06.30"]
[EventType "k.o. (blitz)"]
[EventRounds "3"]
[EventCountry "BRA"]
[SourceTitle "CBM 215 Extra"]
[Source "ChessBase"]
[SourceDate "2023.09.30"]
[SourceVersion "1"]
[SourceVersionDate "2023.09.30"]
[SourceQuality "1"]

1. e4 c5 2. Nf3 d6 3. Bb5+ Bd7 4. a4 Nf6 5. d3 Nc6 6. 0-0 g6 7. Re1 Bg7 8. c3 0-0 9. h3 e5 10. Na3 a6 11. Bc4 Na5 12. Ba2 b5 13. axb5 axb5 14. Bg5 Qb6 15. Nc2 Nc6 16. Ne3 Ne7 17. Bb3 Be6 18. Bxe6 fxe6 19. Qb3 Kf7 20. Nc4 Qc7 21. Rxa8 Rxa8 22. Qxb5 h6 23. Bxf6 Bxf6 24. Qb6 Qxb6 25. Nxb6 Ra6 26. Nc4 g5 27. b4 cxb4 28. cxb4 Nc8 29. b5 Ra8 30. Rb1 Rb8 31. Na5 Ra8 32. b6 Nxb6 33. Rxb6 Rxa5 34. Rxd6 Ra1+ 35. Kh2 Rd1 36. Rd7+ Kf8 37. Kg3 h5 38. h4 gxh4+ 39. Nxh4 Ke8 40. Rh7 Rxd3+ 41. f3 Rd2 42. Rxh5 Kf7 43. Rh7+ Bg7 44. Rh5 Kf6 45. Kh3 Rd1 46. Kh2 Rc1 47. Kg3 Rh1 48. Kg4 Rc1 49. Rg5 Rh1 50. Kh5 Kf7 51. g3 Bf6 52. Rg6 Bxh4 53. gxh4 Rxh4+ 54. Kxh4 Kxg6 55. Kg4 Kh6 56. f4 exf4 57. Kxf4 Kg6 58. Ke5 Kf7 59. Kd6 e5 60. Kxe5 Ke7 61. Kd5 Kd7 62. e5 Ke7 63. e6 Ke8 64. Kd4 Ke7 65. Kd3 Kxe6 1/2-1/2

[Event "Gaudium Masters Final"]
[Site "Chess.com INT"]
[Date "2023.07.01"]
[Round "2.2"]
[White "Fier, Alexandr"]
[Black "El Debs, Felipe de Cresce"]
[Result "1-0"]
[WhiteElo "2604"]
[BlackElo "2531"]
[PlyCount "95"]
[EventDate "2023.06.30"]
[EventType "k.o. (blitz)"]
[EventRounds "3"]
[EventCountry "BRA"]
[SourceTitle "CBM 215 Extra"]
[Source "ChessBase"]
[SourceDate "2023.09.30"]
[SourceVersion "1"]
[SourceVersionDate "2023.09.30"]
[SourceQuality "1"]

1. e4 e5 2. d3 Nc6 3. a3 a6 4. c4 Bc5 5. b4 Ba7 6. Nc3 d6 7. Be2 f5 8. Nf3 Nf6 9. Be3 Bxe3 10. fxe3 fxe4 11. dxe4 0-0 12. Qd3 Bg4 13. 0-0 Bh5 14. Nh4 Bxe2 15. Nxe2 Ne7 16. Ng3 Qd7 17. Rad1 g6 18. Nf3 Qg4 19. c5 Rad8 20. cxd6 cxd6 21. Qc4+ Kh8 22. Nxe5 dxe5 23. Rxd8 Rxd8 24. Rxf6 Rd1+ 25. Rf1 Rxf1+ 26. Nxf1 Qg5 27. Qf7 b5 28. Qf8+ Ng8 29. h3 Qf6 30. Qc8 Qd6 31. Qb7 Nf6 32. Qf7 Ng8 33. Qd5 Qf6 34. Nd2 Qg5 35. Kf2 Qh4+ 36. Ke2 Qg5 37. Kd3 Nf6 38. Qd8+ Kg7 39. Nf3 Qxg2 40. Qe7+ Kh6 41. Nd2 Qg5 42. Qf8+ Kh5 43. Qf7 Kh6 44. Qe6 Nh5 45. Qxa6 Ng3 46. Qd6 Qh5 47. Qf8+ Kg5 48. Nf3+ 1-0

[Event "Gaudium Masters Final"]
[Site "Chess.com INT"]
[Date "2023.07.01"]
[Round "2.8"]
[White "Fier, Alexandr"]
[Black "El Debs, Felipe de Cresce"]
[Result "1-0"]
[WhiteElo "2604"]
[BlackElo "2531"]
[PlyCount "45"]
[EventDate "2023.06.30"]
[EventType "k.o. (blitz)"]
[EventRounds "3"]
[EventCountry "BRA"]
[SourceTitle "CBM 215 Extra"]
[Source "ChessBase"]
[SourceDate "2023.09.30"]
[SourceVersion "1"]
[SourceVersionDate "2023.09.30"]
[SourceQuality "1"]

1. e4 c5 2. Nf3 d6 3. d4 cxd4 4. Nxd4 Nf6 5. Nc3 Nc6 6. Bg5 g6 7. Bxf6 exf6 8. Bb5 Bd7 9. 0-0 Bg7 10. Nde2 a6 11. Ba4 b5 12. Bb3 Qb8 13. Qd2 0-0 14. Rad1 Qb7 15. Qxd6 Rad8 16. Bd5 Rfe8 17. Nd4 Rc8 18. Nb3 Qc7 19. Bxf7+ Kxf7 20. Qxd7+ Re7 21. Qd5+ Kf8 22. Nc5 Nd8 23. Nd7+ 1-0

[Event "Gaudium Masters Final"]
[Site "Chess.com INT"]
[Date "2023.06.30"]
[Round "1.1"]
[White "El Debs, Felipe de Cresce"]
[Black "Milos, Gilberto"]
[Result "0-1"]
[WhiteElo "2531"]
[BlackElo "2575"]
[PlyCount "26"]
[EventDate "2023.06.30"]
[EventType "k.o. (blitz)"]
[EventRounds "3"]
[EventCountry "BRA"]
[SourceTitle "CBM 215 Extra"]
[Source "ChessBase"]
[SourceDate "2023.09.30"]
[SourceVersion "1"]
[SourceVersionDate "2023.09.30"]
[SourceQuality "1"]

1. d4 Nf6 2. c4 e6 3. Nc3 Bb4 4. Bd2 b6 5. Nf3 Bb7 6. e3 0-0 7. Bd3 Bxc3 8. Bxc3 Ne4 9. Rc1 d6 10. 0-0 Nd7 11. Nd2 f5 12. Qe2 Qg5 13. Bb4 Nc3 0-1

[Event "Gaudium Masters Final"]
[Site "Chess.com INT"]
[Date "2023.06.30"]
[Round "1.1"]
[White "Milos, Gilberto"]
[Black "El Debs, Felipe de Cresce"]
[Result "0-1"]
[WhiteElo "2575"]
[BlackElo "2531"]
[PlyCount "70"]
[EventDate "2023.06.30"]
[EventType "k.o. (blitz)"]
[EventRounds "3"]
[EventCountry "BRA"]
[SourceTitle "CBM 215 Extra"]
[Source "ChessBase"]
[SourceDate "2023.09.30"]
[SourceVersion "1"]
[SourceVersionDate "2023.09.30"]
[SourceQuality "1"]

1. d4 d5 2. c4 e6 3. Nc3 Nf6 4. cxd5 exd5 5. Bg5 c6 6. e3 h6 7. Bh4 Be7 8. Bd3 0-0 9. Qc2 Re8 10. Nf3 Ne4 11. Bxe4 Bxh4 12. Bh7+ Kh8 13. 0-0 Bf6 14. Bd3 Bg4 15. Nd2 Nd7 16. b4 b5 17. a4 a6 18. a5 Be7 19. Na2 Rc8 20. Nb3 Bd6 21. Nc5 Nxc5 22. bxc5 Bc7 23. Nb4 Bxa5 24. Rfb1 Bxb4 25. Rxb4 a5 26. Rbb1 a4 27. Qc3 Ra8 28. Qb4 Qg5 29. Rb2 Bf3 30. Bf1 Re6 31. g3 h5 32. Bd3 h4 33. Bf1 hxg3 34. hxg3 Rh6 35. Bg2 Qh5 0-1

[Event "Gaudium Masters Final"]
[Site "Chess.com INT"]
[Date "2023.06.30"]
[Round "1.2"]
[White "Milos, Gilberto"]
[Black "El Debs, Felipe de Cresce"]
[Result "0-1"]
[WhiteElo "2575"]
[BlackElo "2531"]
[PlyCount "164"]
[EventDate "2023.06.30"]
[EventType "k.o. (blitz)"]
[EventRounds "3"]
[EventCountry "BRA"]
[SourceTitle "CBM 215 Extra"]
[Source "ChessBase"]
[SourceDate "2023.09.30"]
[SourceVersion "1"]
[SourceVersionDate "2023.09.30"]
[SourceQuality "1"]

1. d4 d5 2. c4 e6 3. Nc3 Nf6 4. cxd5 exd5 5. Bg5 c6 6. e3 Be7 7. Bd3 h6 8. Bh4 0-0 9. Nf3 Ne4 10. Bg3 Bf5 11. Bxe4 Bxe4 12. Nxe4 dxe4 13. Nd2 Bb4 14. 0-0 Bxd2 15. Qxd2 Nd7 16. d5 Nb6 17. d6 Nd5 18. Qd4 Re8 19. Rfd1 Qb6 20. Rac1 Rad8 21. Rc4 Qxd4 22. Rcxd4 f5 23. h4 g6 24. Rxd5 cxd5 25. Rxd5 Rd7 26. h5 Kf7 27. hxg6+ Kxg6 28. Bh4 Rc8 29. Rd2 Kf7 30. Kh2 Ke6 31. Be7 b6 32. f3 exf3 33. gxf3 Rg8 34. Rd4 Rg6 35. Kh3 Rg1 36. Kh4 Re1 37. e4 fxe4 38. fxe4 Re2 39. Rb4 Rxe7 40. dxe7 Kxe7 41. Kg4 Ke6 42. Kf3 Rc2 43. Rb5 Rc5 44. Rb3 Rc2 45. Kf4 Rf2+ 46. Ke3 Rh2 47. Kd4 h5 48. a4 h4 49. Rb5 h3 50. Rh5 Rxb2 51. Rh6+ Kf7 52. Rxh3 Rb4+ 53. Kd5 Rxa4 54. e5 Ra1 55. Rh7+ Kf8 56. Ke6 Rc1 57. Rh8+ Kg7 58. Rd8 a5 59. Rb8 a4 60. Rxb6 a3 61. Ra6 Ra1 62. Ke7 a2 63. e6 Kg6 64. Ra3 Kg5 65. Rg3+ Kf4 66. Rg2 Kf3 67. Rb2 Kg3 68. Rc2 Kg4 69. Rd2 Kf5 70. Re2 Kg6 71. Ke8 Rb1 72. Rxa2 Rb8+ 73. Kd7 Rb7+ 74. Kc6 Rb1 75. Kd6 Rb6+ 76. Kd7 Rb7+ 77. Kc6 Rb1 78. Rf2 Re1 79. Kd7 Ra1 80. e7 Ra7+ 81. Kd6 Ra6+ 82. Ke5 Ra5+ 0-1

[Event "Gaudium Masters-A"]
[Site "Chess.com INT"]
[Date "2023.06.29"]
[Round "5"]
[White "Mekhitarian, Krikor Sevag"]
[Black "El Debs, Felipe de Cresce"]
[Result "1-0"]
[WhiteElo "2537"]
[BlackElo "2531"]
[PlyCount "99"]
[EventDate "2023.06.29"]
[EventType "tourn (blitz)"]
[EventRounds "10"]
[EventCountry "BRA"]
[EventCategory "8"]
[SourceTitle "CBM 215 Extra"]
[Source "ChessBase"]
[SourceDate "2023.09.30"]
[SourceVersion "1"]
[SourceVersionDate "2023.09.30"]
[SourceQuality "1"]

1. Nf3 d5 2. c4 e6 3. d4 Nf6 4. cxd5 exd5 5. Nc3 c6 6. Bf4 Bf5 7. e3 Be7 8. h3 h6 9. g4 Bh7 10. Bd3 Bxd3 11. Qxd3 Na6 12. a3 Nc7 13. Kf1 Ne6 14. Bg3 a5 15. Kg2 a4 16. Ne5 0-0 17. Rad1 Nd7 18. Rhe1 Nxe5 19. Bxe5 Bd6 20. Qf5 Bxe5 21. Qxe5 Re8 22. Qg3 Qc7 23. Qxc7 Nxc7 24. f3 Ne6 25. Kg3 f6 26. h4 Kf7 27. h5 Red8 28. Re2 Rd7 29. Rc2 Ra5 30. Ne2 Rb5 31. Rd3 Rd8 32. Kf2 Ra8 33. Rdc3 Ra6 34. Nc1 Nc7 35. Nd3 Ne8 36. Nc5 Ra8 37. e4 dxe4 38. fxe4 Nd6 39. Kf3 Re8 40. Re2 Ra8 41. e5 Ne8 42. Rce3 fxe5 43. Rxe5 Nd6 44. Re7+ Kg8 45. Rd7 Rf8+ 46. Kg3 Nf7 47. Ree7 Rxb2 48. Ne6 Rb3+ 49. Kh4 Re8 50. Rxe8+ 1-0

[Event "Caioba op 7th"]
[Site "Caioba"]
[Date "2023.06.24"]
[Round "8"]
[White "El Debs, Felipe de Cresce"]
[Black "Caetano, Ryan Wesley da Cost"]
[Result "1-0"]
[WhiteElo "2531"]
[BlackElo "2247"]
[PlyCount "53"]
[EventDate "2023.06.18"]
[EventType "swiss"]
[EventRounds "9"]
[EventCountry "BRA"]
[SourceTitle "CBM 214 Extra"]
[Source "ChessBase"]
[SourceDate "2023.07.31"]
[SourceVersion "1"]
[SourceVersionDate "2023.07.31"]
[SourceQuality "1"]

1. d4 Nf6 2. c4 g6 3. Nc3 Bg7 4. e4 d6 5. Nf3 0-0 6. Be2 e5 7. 0-0 Nc6 8. Be3 Ng4 9. Bg5 f6 10. Bc1 Nh6 11. d5 Ne7 12. b4 a5 13. Ba3 g5 14. c5 Ng6 15. Nd2 f5 16. Nc4 f4 17. cxd6 g4 18. dxc7 Qh4 19. d6 f3 20. Ne3 fxg2 21. Nxg2 Qh3 22. Qd3 Rf3 23. d7 g3 24. Qd5+ Kh8 25. d8Q+ Nf8 26. fxg3 Ng4 27. Qh4 1-0

[Event "Hebraica Milton Matone"]
[Site "Hebraica"]
[Date "2023.04.22"]
[Round "8"]
[White "Lima, Darcy Gustavo Macha"]
[Black "El Debs, Felipe de Cresce"]
[Result "1/2-1/2"]
[WhiteElo "2445"]
[BlackElo "2544"]
[PlyCount "20"]
[EventDate "2023.04.18"]
[EventType "tourn"]
[EventRounds "9"]
[EventCountry "BRA"]
[EventCategory "7"]
[SourceTitle "EXT 2024"]
[Source "ChessBase"]
[SourceDate "2023.10.10"]
[SourceVersion "1"]
[SourceVersionDate "2023.10.10"]
[SourceQuality "1"]

1. e4 e5 2. Nf3 Nc6 3. Bb5 Nf6 4. 0-0 Nxe4 5. Re1 Nd6 6. Nxe5 Be7 7. Bf1 Nxe5 8. Rxe5 0-0 9. d4 Ne8 10. c3 Nf6 1/2-1/2

[Event "Hebraica Milton Matone"]
[Site "Hebraica"]
[Date "2023.04.21"]
[Round "5"]
[White "El Debs, Felipe de Cresce"]
[Black "Diamant, Andre"]
[Result "1/2-1/2"]
[WhiteElo "2544"]
[BlackElo "2516"]
[PlyCount "29"]
[EventDate "2023.04.18"]
[EventType "tourn"]
[EventRounds "9"]
[EventCountry "BRA"]
[EventCategory "7"]
[SourceTitle "EXT 2024"]
[Source "ChessBase"]
[SourceDate "2023.10.10"]
[SourceVersion "1"]
[SourceVersionDate "2023.10.10"]
[SourceQuality "1"]

1. d4 d5 2. c4 e6 3. Nc3 Nf6 4. cxd5 exd5 5. Bg5 c6 6. e3 h6 7. Bh4 Be7 8. Bd3 0-0 9. Nf3 Ne4 10. Bxe7 Qxe7 11. Bxe4 dxe4 12. Nd2 f5 13. 0-0 Be6 14. Qc2 Nd7 15. b4 1/2-1/2

[Event "Rio de Janeiro Duchamp op 4th"]
[Site "Rio de Janeiro"]
[Date "2022.12.14"]
[Round "9"]
[White "Galego, Luis"]
[Black "El Debs, Felipe de Cresce"]
[Result "1/2-1/2"]
[WhiteElo "2471"]
[BlackElo "2545"]
[PlyCount "31"]
[EventDate "2022.12.07"]
[EventType "swiss"]
[EventRounds "9"]
[EventCountry "BRA"]
[SourceTitle "CBM 211 Extra"]
[Source "ChessBase"]
[SourceDate "2023.01.31"]
[SourceVersion "1"]
[SourceVersionDate "2023.01.31"]
[SourceQuality "1"]

1. Nf3 Nf6 2. c4 e6 3. d4 d5 4. e3 b6 5. Nc3 Bb7 6. cxd5 exd5 7. Bb5+ c6 8. Bd3 Nbd7 9. 0-0 Be7 10. Qc2 0-0 11. Ne5 c5 12. f4 Rc8 13. Nxd7 Qxd7 14. Bf5 Qd6 15. Bxc8 Rxc8 16. Bd2 1/2-1/2

[Event "Rio de Janeiro Duchamp op 4th"]
[Site "Rio de Janeiro"]
[Date "2022.12.12"]
[Round "7"]
[White "Alonso, Salvador"]
[Black "El Debs, Felipe de Cresce"]
[Result "0-1"]
[WhiteElo "2471"]
[BlackElo "2545"]
[PlyCount "64"]
[EventDate "2022.12.07"]
[EventType "swiss"]
[EventRounds "9"]
[EventCountry "BRA"]
[SourceTitle "CBM 211 Extra"]
[Source "ChessBase"]
[SourceDate "2023.01.31"]
[SourceVersion "1"]
[SourceVersionDate "2023.01.31"]
[SourceQuality "1"]

1. e4 e5 2. Nf3 Nc6 3. Bb5 Nf6 4. d3 d6 5. 0-0 Be7 6. c4 0-0 7. h3 Nd4 8. Nxd4 exd4 9. Nd2 Nd7 10. Nf3 Bf6 11. Bxd7 Bxd7 12. Bf4 Qe7 13. Qd2 Be5 14. Bh2 Bxh2+ 15. Kxh2 c5 16. Rfe1 b5 17. cxb5 Bxb5 18. b4 Rab8 19. Kg1 h6 20. e5 Rfd8 21. Rac1 cxb4 22. Qxb4 Bc6 23. exd6 Qd7 24. Qxd4 Bxf3 25. gxf3 Qxh3 26. Qd5 Qh4 27. Rc7 Qf4 28. Ree7 Rb1+ 29. Kg2 Rxd6 30. Qxf7+ Qxf7 31. Rxf7 Rg6+ 32. Kh2 Rb5 0-1

[Event "Osasco 60 Ann"]
[Site "Osasco"]
[Date "2022.02.25"]
[Round "7"]
[White "Pereira, Silvio Cunha"]
[Black "El Debs, Felipe de Cresce"]
[Result "1/2-1/2"]
[WhiteElo "2217"]
[BlackElo "2553"]
[PlyCount "40"]
[EventDate "2022.02.19"]
[EventType "tourn"]
[EventRounds "9"]
[EventCountry "BRA"]
[EventCategory "7"]
[SourceTitle "CBM 207 Extra"]
[Source "ChessBase"]
[SourceDate "2022.05.31"]
[SourceVersion "1"]
[SourceVersionDate "2022.05.31"]
[SourceQuality "1"]

1. e4 c5 2. Nf3 Nc6 3. d4 cxd4 4. Nxd4 Nf6 5. Nc3 d6 6. g3 g6 7. Bg2 Nxd4 8. Qxd4 Bg7 9. Qb4 a5 10. Qb5+ Nd7 11. Nd5 e6 12. Ne3 0-0 13. h4 b6 14. Qc6 Ba6 15. Qxd6 Qc8 16. h5 Rd8 17. f4 Bf8 18. Qd1 Ne5 19. Bd2 Bb4 20. Bxb4 Rxd1+ 1/2-1/2

[Event "Osasco 60 Ann"]
[Site "Osasco"]
[Date "2022.02.24"]
[Round "6"]
[White "El Debs, Felipe de Cresce"]
[Black "Alboredo, Julia"]
[Result "1-0"]
[WhiteElo "2553"]
[BlackElo "2216"]
[PlyCount "133"]
[EventDate "2022.02.19"]
[EventType "tourn"]
[EventRounds "9"]
[EventCountry "BRA"]
[EventCategory "7"]
[SourceTitle "CBM 207 Extra"]
[Source "ChessBase"]
[SourceDate "2022.05.31"]
[SourceVersion "1"]
[SourceVersionDate "2022.05.31"]
[SourceQuality "1"]

1. d4 d5 2. c4 c6 3. Nf3 Nf6 4. Nc3 e6 5. cxd5 exd5 6. Qc2 g6 7. Bg5 Bg7 8. e3 Bf5 9. Bd3 Bxd3 10. Qxd3 0-0 11. 0-0 Qd6 12. Rab1 a5 13. Rfc1 Nbd7 14. a3 Rfe8 15. Qc2 Ne4 16. Nxe4 Rxe4 17. Bf4 Qf8 18. b4 axb4 19. Rxb4 Qc8 20. Qb3 b6 21. h3 h6 22. Ne5 Nxe5 23. Bxe5 Bxe5 24. dxe5 Rxb4 25. Qxb4 Qc7 26. Qd6 Qxd6 27. exd6 Rc8 28. d7 Rd8 29. Rxc6 Rxd7 30. Rxb6 d4 31. exd4 Rxd4 32. Rb1 Kf8 33. Kf1 Ra4 34. Rb3 Ke7 35. Rd3 Rc4 36. Ke2 Rc1 37. Rd1 Rc2+ 38. Rd2 Rc1 39. Ra2 Kd7 40. Kd3 Rg1 41. f3 Kc6 42. a4 Kb6 43. a5+ Ka6 44. Ke4 Re1+ 45. Kf4 Rc1 46. Rd2 Rc4+ 47. Ke3 Kxa5 48. Rd7 Rc2 49. g4 Rh2 50. Rxf7 Rxh3 51. Kf2 g5 52. Kg2 Rh4 53. Rb7 Ka6 54. Rb8 h5 55. Kg3 hxg4 56. fxg4 Rh1 57. Rg8 Kb6 58. Rxg5 Kc6 59. Re5 Kd6 60. Re2 Rg1+ 61. Kh4 Rh1+ 62. Kg5 Rh8 63. Kf6 Rf8+ 64. Kg7 Ra8 65. g5 Ra1 66. g6 Rf1 67. Kg8 1-0